| 000 | 00656nam a2200133Ia 4500 | ||
|---|---|---|---|
| 008 | 100328s9999 xx 000 0 und d | ||
| 082 | _b68855 | ||
| 100 | _aनानिवडेकर हेमांगी-अनु.(मूळ लेखक-सुकेतु मेहता). | ||
| 245 | _aमहानगर मुंबई (हरवता हरवता गवसलेली). | ||
| 260 | _bपेंग्विन. | ||
| 630 | _aमहानगर मुंबई (हरवता हरवता गवसलेली). | ||
| 730 | _aमहानगर मुंबई (हरवता हरवता गवसलेली). | ||
| 942 | _cBOOK | ||
| 999 |
_c554590 _d554587 |
||